000 00342nam a2200133Ia 4500
008 240624s9999 xx 000 0 und d
041 _aeng
082 _a954 RAM
100 _aRAMESH JAIRAM
245 _aTO THE BRINK AND BACK INDIA S 1991 STORY
260 _c2015
_aNew Delhi
_bRupa
300 _aix, : 216 : p. : cm. ; 23
365 _cRS
_b30
999 _c26867
_d26867